000 00436nam a2200133 a 4500
008 120416s1962 ||||||||||||||||| || u
050 _aPR 6055.G55 Eke
100 _aEkert-Rothol, Alice
245 1 0 _aMarie Bannard
260 _aLondon
_bJonathan Cape
_c1962
300 _a477p.
350 _a0.00
995 _D0.00
_FCBU-MAIN LIBRARY (Kitwe)
_H1
_I3.50
_M1
_UAVAILABLE
_ZFiction Collection
999 _c50345
_d50345